Statystyki dla Współczesne państwa Imperium Portugalskiego z mapą

Kliknij tutaj aby rozwiązać quiz!

Ogólne statystyki

  • Ten quiz został rozwiązany 3 789 razy
  • Średni wynik to 8 z 12

Odpowiedzi na mapie

Odpowiedzi skodowane kolorowo w zielono-czerwonej skali na mapie do tego quizu, zgodnie z poniższymi procentami.
 

Statystyki odpowiedzi

Państwo% Poprawnych
Brazylia
99%
Portugalia
95%
Urugwaj
89%
Mozambik
79%
Angola
77%
Republika Zielonego
Przylądka
77%
Wyspy Świętego Tomasza
i Książęca
69%
Chiny (Makau)
55%
Timor Wschodni
54%
Indie
50%
Malawi
50%
Gwinea Bissau
45%

Rozkład punktacji

Percentyl według liczby udzielonych odpowiedzi

Procent ludzi z każdym wynikiem

Twoja historia wyników

Nie rozwiązałeś tego quizu